000 00926nam a22002777a 4500
001 8424
003 FISKH
005 20250911112259.0
008 250911b cb ||||| |||| 00| 0 eng d
020 _a9780874838022
040 _aFISKH
_beng
_cFISKH
_dFISKH
050 _aPZ8.C5912 D
082 _a398.2
100 _aCleveland, Rob
245 _aDrum :
_bA folktale from India /
_cretold by Rob Cleveland : illustrated by Tom Wrenn
260 _aAtlandta :
_bAugust House Story Core ,
_c2006.
300 _a30 pages :
_bcolor illustrations ;
_c20 cm .
505 _aM
520 _aA retelling of the Indic folktale of a poor young boy who dreams of owning a drum and when he receives a magic stick, is able to create his own good luck.
521 8 _a530
_bLexile
521 8 _aM
_bRaz-Plus
650 _aMulticultural
_vFiction
700 _aWrenn, Tom
942 _2ddc
_cBK
_n0
999 _c8424
_d8424